Výstavba materiálno-technickej základne cestovného ruchu

Na minha lista:
Detalhes bibliográficos
Autor principal: Patúš, Peter
Autor Corporativo: Vysoká škola ekonomická v Bratislave. Fakulta ekonomiky služieb a cestovného ruchu v Banskej Bystrici
Formato: Livro
Idioma:eslovaco
Publicado em: Bratislava Vysoká škola ekonomická 1984
Tags: Adicionar Tag
Sem tags, seja o primeiro a adicionar uma tag!

MARC

LEADER 00000nam a2200000 4500
001 c112324
005 20190107131818.9
041 0 |a slo 
044 |a SK 
245 1 0 |a Výstavba materiálno-technickej základne cestovného ruchu  |c Peter Patúš a kol. 
264 1 |a Bratislava  |b Vysoká škola ekonomická  |c 1984 
300 |a 218 s. 
100 1 |a Patúš, Peter 
710 2 |a Vysoká škola ekonomická v Bratislave. Fakulta ekonomiky služieb a cestovného ruchu v Banskej Bystrici